Movies Quiz

Random Movies or Disney Quiz

Missing Disney Character Quiz Stats

Quiz Updated Jul 15, 2015

Also try: Pixar Silhouettes
Challenge
Share
Tweet
Score 0/20 Timer 10:00
8 Plays Today
% Correct
Simba
96.3%
Captain Hook
96%
Stitch
95.4%
Mickey Mouse
90.1%
Pinocchio
85.9%
Baloo
82.6%
Piglet
81.3%
Tarzan
79.1%
Mrs. Potts
78.7%
Doc
74.5%
% Correct
Rapunzel
73.8%
Snow White
70.4%
Flounder
70.3%
Tiana
66.7%
Mushu
61.7%
Yzma
47.6%
Timothy Q. Mouse
30.2%
Donald Duck
29.3%
Claude Frollo
25.9%
John Silver
17.1%

You're not logged in!

Compare scores with friends on all Sporcle quizzes.
Join for Free
OR
Log In

You Might Also Like...

Show Comments

Extras

Top Quizzes Today


Score Distribution

Your Account Isn't Verified!

In order to create a playlist on Sporcle, you need to verify the email address you used during registration. Go to your Sporcle Settings to finish the process.

Report this User

Report this user for behavior that violates our Community Guidelines.

Details: